000 00749nam a2200205Ia 4500
003 Ost
005 20260507075119.0
008 260507s9999||||xx |||||||||||||| ||und||
040 _cfsecg
041 _aara
082 _a658.8
100 _aأبو قحف، عبد السلام
_eمؤلف
245 0 _aالتسويق السياسي :
_bفن البيع- التفاوض /
_c عبد السلام أبو قحف
260 _aالإسكندرية:
_bالدار الجامعية الجديدة,
_c2004
300 _a191 صفحة؛
_bإيضاحات ؛
_c24 سم
520 _aالتسويق السياسي- فن البيع والتسويق والتفاوض
653 _aالتسويق
653 _aالتسويق السياسي
942 _cكتاب
999 _c43054
_d43054